TROPICAL rain forest ecosystems

Bibliographic Details
Other Authors: Golley, Lieth, Werger
Format: Book
Published: Amsterdam ; New York : Elsevier Scientific , 1983-1989
Series:Ecosystems of the world ; 14
Subjects:

MARC

LEADER 00000cam a2200000 7i4500
001 0000002647
005 20030910.0
020 0 0 |a 0444419861 (v. A) 0444427554 (v. B) 
090 0 0 |a 577.34   |b TRO 1983 
245 0 0 |a TROPICAL rain forest ecosystems   |c edited by F.B. Golley 
260 0 0 |a Amsterdam ; New York :   |b Elsevier Scientific ,   |c 1983-1989 
300 |a 2 v. :   |b ill. ;   |c 27 cm. 
440 0 0 |a Ecosystems of the world ; 14 
500 0 0 |a Includes bibliographies and indexes 
500 0 0 |a Vol. B/edited by: H. Lieth and M.J.A. Werger 
650 0 0 |a Rain forest ecology 
700 0 1 |a Golley   |h Frank B. 
700 0 1 |a Lieth   |h Helmut 
700 0 1 |a Werger   |h M. J. A. 
998 |a JPSM 
999 |a 0000004017   |b Monograph   |c Open Shelf   |e Default branch 
999 |a 0000004018   |b Monograph   |c Open Shelf   |e Default branch